00482nam a2200181 a 4500001001300000003000900013005001700022008004100039020002300080082001600103100002100119245003800140260003300178300001000211500003500221650002300256700002100279nice12345678IN_TiNIC20260116014906.0131226s2010 dela grp 000 0 eng  a818757030X c12000a297.1bKHA4 aKhan, Wahiduddin aIslamb Creator of the Modern Age aDelhibGoodword Books c2010 a127p  aincludes index and biblioraphy aIslam-20th Century1 aKhan, Wahiduddin